History and culture: select bibliographies (Record no. 351750)

000 -LEADER
fixed length control field 00424cam a22001337a 4500
008 - FIXED-LENGTH DATA ELEMENTS--GENERAL INFORMATION
fixed length control field 180718b1971 xxu||||| |||| 00| 0 eng d
082 ## - DEWEY DECIMAL CLASSIFICATION NUMBER
Classification number A2:A6 P273
245 ## - TITLE STATEMENT
Title History and culture: select bibliographies
Statement of responsibility, etc. edited by H.S. Patil and Rani Bina
260 ## - PUBLICATION, DISTRIBUTION, ETC.
Place of publication, distribution, etc. Delhi
Name of publisher, distributor, etc. Indian Council for Cultural Relations
Date of publication, distribution, etc. 1971
300 ## - PHYSICAL DESCRIPTION
Extent 216p.
650 ## - SUBJECT ADDED ENTRY--TOPICAL TERM
Topical term or geographic name entry element India - History - Bibliographyes
700 ## - ADDED ENTRY--PERSONAL NAME
Personal name Bina, Rani
700 ## - ADDED ENTRY--PERSONAL NAME
Personal name Patil, H.S.
Holdings
Withdrawn status Lost status Damaged status Not for loan Permanent Location Current Location Date acquired Full call number Barcode Date last seen Price effective from Koha item type
        Indian Institute of Public Administration Indian Institute of Public Administration 1993-11-17 A2:A6 P273 46113 2018-07-21 2018-07-21 Book

Powered by Koha